[Event "European Youth Chess Championship B14"]
[Site "Prague, Top Hotel Prague"]
[Date "2012.08.22"]
[Round "6.14"]
[White "Tarasov, Alexandr"]
[Black "Ladopoulos, Dimitrios"]
[Result "1-0"]
[WhiteElo "2124"]
[BlackElo "2027"]
[PlyCount "49"]
[EventDate "2012.08.17"]

1. d4 e6 2. c4 Bb4+ 3. Nd2 f5 4. Ngf3 Nf6 5. g3 b6 6. Bg2 Bb7 7. O-O Bxd2 8.
Bxd2 O-O 9. d5 exd5 10. Nh4 Ne4 11. cxd5 c5 12. Bf4 Qf6 13. f3 Ng5 14. e4 fxe4
15. fxe4 d6 16. Bxg5 Qxg5 17. Rxf8+ Kxf8 18. Qf3+ Ke8 19. Rf1 Kd8 20. Qf8+ Kc7
21. Nf5 Qf6 22. Nxg7 Qxf8 23. Rxf8 Bc8 24. Ne8+ Kd7 25. Nxd6 1-0

[Event "European Youth Chess Championship B14"]
[Site "Prague, Top Hotel Prague"]
[Date "2012.08.22"]
[Round "6.15"]
[White "Winiarski, Mikolaj"]
[Black "Kudelya, Igor"]
[Result "1-0"]
[WhiteElo "2031"]
[BlackElo "2120"]
[Annotator ",annusch"]
[PlyCount "65"]
[EventDate "2012.08.17"]

1. d4 Nf6 2. c4 g6 3. f3 d5 4. cxd5 Nxd5 5. e4 Nb6 6. Be3 Bg7 7. Nc3 O-O 8. Qd2
Nc6 9. O-O-O f5 10. exf5 Bxf5 11. g4 Bd7 12. h4 Be8 13. h5 Nb4 14. Kb1 a5 15.
Bh6 Qd6 16. Bxg7 Kxg7 17. Nh3 gxh5 18. Ng5 Bg6+ 19. Nce4 Qd5 20. b3 Rxf3 21.
Nxf3 Qxe4+ 22. Kb2 Qxf3 23. Be2 Qd5 24. gxh5 Be4 25. Rh3 Kh8 26. Rg3 Rf8 27.
Rdg1 Nc6 28. Qh6 Qxd4+ 29. Ka3 Qb4+ 30. Kb2 Qd4+ 31. Kc1 Qc5+ 32. Bc4 Qa3+ 33.
Kd1 {dale necitelne (partie mela celkem 60 tahu)} 1-0

[Event "European Youth Chess Championship B14"]
[Site "Prague, Top Hotel Prague"]
[Date "2012.08.22"]
[Round "6.18"]
[White "Shahaliyev, Ismayil"]
[Black "Stremavicius, Titas"]
[Result "0-1"]
[WhiteElo "1954"]
[BlackElo "2195"]
[PlyCount "102"]
[EventDate "2012.08.17"]

1. e4 c5 2. Nf3 Nc6 3. d4 cxd4 4. Nxd4 Nf6 5. Nc3 d6 6. Be2 g6 7. O-O Bg7 8.
Nb3 O-O 9. Be3 Be6 10. f3 d5 11. exd5 Nxd5 12. Nxd5 Bxd5 13. c3 b6 14. Qc2 Qc7
15. Rad1 Rad8 16. f4 f5 17. Rxd5 Nb4 18. Rc5 Qxc5 19. Bxc5 Nxc2 20. Bxe7 Rde8
21. Bc4+ Rf7 22. Bh4 Ne3 23. Re1 Bh6 24. Bg3 Nxc4 25. Rxe8+ Bf8 26. Nd4 Nxb2
27. Ne6 Na4 28. c4 Nc5 29. Nxc5 bxc5 30. Bf2 Rc7 31. Re6 Rb7 32. g3 Rb4 33. Ra6
Rxc4 34. Rxa7 Rc1+ 35. Kg2 c4 36. Rc7 Bd6 37. Rc6 Bb4 38. Bd4 Kf7 39. Be5 Ke7
40. a4 Kd7 41. Rc7+ Ke6 42. Kf3 g5 43. Rxh7 g4+ 44. Ke3 Re1+ 45. Kf2 Rc1 46.
Ke3 Rc2 47. Rh8 Bc5+ 48. Bd4 Rc3+ 49. Kd2 Rd3+ 50. Kc2 Bxd4 51. Re8+ Kd5 0-1

[Event "European Youth Chess Championship B14"]
[Site "Prague, Top Hotel Prague"]
[Date "2012.08.22"]
[Round "6.19"]
[White "Spacek, Oliver"]
[Black "Savenkov, Konstantin"]
[Result "1/2-1/2"]
[WhiteElo "1945"]
[BlackElo "2162"]
[PlyCount "81"]
[EventDate "2012.08.17"]

1. f4 d5 2. Nf3 Nf6 3. b3 e6 4. Bb2 Bd6 5. e3 O-O 6. Be2 c6 7. O-O Nbd7 8. c4
Qe7 9. Ne5 Ne8 10. Bd3 f5 11. Qe2 Nef6 12. Bc2 Ne4 13. d3 Nef6 14. Nd2 Bc7 15.
a3 Nxe5 16. fxe5 Ng4 17. d4 Qh4 18. h3 Nh6 19. Rf4 Qd8 20. a4 Bd7 21. Ba3 Rf7
22. Qh5 Be8 23. Raf1 Rd7 24. Qe2 g5 25. R4f2 Bg6 26. g3 Rf7 27. Bd3 a6 28. Bc5
Bb6 29. Bd6 Qd7 30. b4 Bd8 31. Nb3 b6 32. a5 Bc7 33. axb6 Bxd6 34. exd6 Qxd6
35. c5 Qxg3+ 36. Rg2 Qxh3 37. Rf3 Qh4 38. Rh2 Qg4+ 39. Rg2 Qh4 40. Rh2 Qg4+ 41.
Rg2 1/2-1/2

[Event "European Youth Chess Championship B14"]
[Site "Prague, Top Hotel Prague"]
[Date "2012.08.22"]
[Round "6.20"]
[White "Nikolovski, Nikola"]
[Black "Christiansen, Johan-Sebastian"]
[Result "1/2-1/2"]
[WhiteElo "1917"]
[BlackElo "2073"]
[PlyCount "108"]
[EventDate "2012.08.17"]

1. e4 e5 2. Nf3 Nc6 3. d4 exd4 4. Bc4 Nf6 5. e5 d5 6. Bb5 Ne4 7. Nxd4 Bd7 8.
Bxc6 bxc6 9. O-O Bc5 10. Be3 O-O 11. f3 Ng5 12. f4 Ne4 13. Nd2 Nxd2 14. Qxd2
Bb6 15. Nb3 Qb8 16. Bc5 Bf5 17. c3 a5 18. Kh1 a4 19. Bxf8 axb3 20. Ba3 bxa2 21.
Rxa2 Qc8 22. Rfa1 Be4 23. Qe1 h5 24. Qg3 Qe6 25. Re1 Qh6 26. h4 Qe6 27. Raa1
Kh7 28. Kh2 f6 29. c4 Bd4 30. cxd5 cxd5 31. Rac1 fxe5 32. Rxc7 exf4 33. Qg5 Qg4
34. Re7 Bf6 35. Qxg4 hxg4 36. R7xe4 dxe4 37. Rxe4 Rd8 38. Kg1 Bxh4 39. Rxf4 Bg3
40. Rf1 Rd2 41. Bc5 Rxb2 42. Bf2 Bxf2+ 43. Rxf2 Rxf2 44. Kxf2 Kg6 45. Kg1 Kf5
46. Kh1 Ke4 47. Kg1 Ke3 48. Kh1 g6 49. Kg1 Ke2 50. Kh1 g5 51. Kg1 Ke1 52. Kh1
Kf2 53. Kh2 g3+ 54. Kh1 Kf1 1/2-1/2

[Event "European Youth Chess Championship B14"]
[Site "Prague, Top Hotel Prague"]
[Date "2012.08.22"]
[Round "6.21"]
[White "Miculka, David"]
[Black "Markoja, Boris"]
[Result "1/2-1/2"]
[WhiteElo "1915"]
[BlackElo "2070"]
[PlyCount "94"]
[EventDate "2012.08.17"]

1. e4 c5 2. Nf3 g6 3. d4 cxd4 4. Nxd4 Nc6 5. Nc3 Bg7 6. Nde2 Nf6 7. g3 b5 8.
Bg2 b4 9. Nd5 O-O 10. O-O Rb8 11. h3 d6 12. Rb1 Nd7 13. Bd2 e6 14. Ne3 Ba6 15.
Re1 Nc5 16. Nc1 Na4 17. Nb3 Nxb2 18. Qc1 Nc4 19. Nxc4 Bxc4 20. Bh6 Qc7 21. Bxg7
Kxg7 22. h4 a5 23. h5 e5 24. h6+ Kg8 25. Qg5 f6 26. Qd2 a4 27. Nc1 Nd4 28. Rd1
Qc5 29. Nd3 Bxd3 30. Qxd3 Qxc2 31. Qxc2 Nxc2 32. Rxd6 b3 33. Bf1 Rfc8 34. Bh3
f5 35. axb3 Nd4 36. exf5 gxf5 37. b4 Rd8 38. Rxd8+ Rxd8 39. b5 Rb8 40. Bf1 Nf3+
41. Kg2 Nd2 42. Ra1 Nxf1 43. Kxf1 Rxb5 44. Rxa4 Kf7 45. Ra6 Rb8 46. Ke2 Re8 47.
Ke3 Rb8 1/2-1/2

[Event "European Youth Chess Championship B14"]
[Site "Prague, Top Hotel Prague"]
[Date "2012.08.22"]
[Round "6.23"]
[White "Aleksanyan, Hrant"]
[Black "Melnikov, Egor"]
[Result "1/2-1/2"]
[WhiteElo "1898"]
[BlackElo "2033"]
[PlyCount "100"]
[EventDate "2012.08.17"]

1. d4 Nf6 2. c4 e6 3. Nf3 d5 4. Nc3 Nbd7 5. Bg5 c6 6. cxd5 exd5 7. e3 Be7 8.
Bd3 Ne4 9. Bxe7 Qxe7 10. Qc2 f5 11. O-O O-O 12. Rae1 Ndf6 13. Ne5 Nd7 14. f4
Nxe5 15. fxe5 Be6 16. Na4 Rac8 17. Bxe4 fxe4 18. Qd2 b6 19. b4 h5 20. a3 h4 21.
Rxf8+ Rxf8 22. Rf1 Rxf1+ 23. Kxf1 h3 24. g3 Qf7+ 25. Qf2 g5 26. Qxf7+ Kxf7 27.
Ke1 g4 28. Kd2 Ke7 29. Nc3 b5 30. Ne2 a6 31. Kc3 Kd7 32. Kb3 Ke7 33. a4 Kd7 34.
a5 Ke7 35. Kc3 Kd7 36. Nc1 Ke7 37. Nb3 Bd7 38. Kd2 Be6 39. Nc5 Bc8 40. Kc3 Ke8
41. Kc2 Ke7 42. Nb3 Be6 43. Nd2 Kd7 44. Nb1 Ke7 45. Nc3 Kd7 46. Ne2 Ke7 47. Nf4
Bf7 48. Kc1 Kd7 49. Kd1 Ke7 50. Ke1 Kd7 1/2-1/2

[Event "European Youth Chess Championship B14"]
[Site "Prague, Top Hotel Prague"]
[Date "2012.08.22"]
[Round "6.24"]
[White "Sirosh, Ilja"]
[Black "Petr, Jan"]
[Result "1/2-1/2"]
[WhiteElo "1889"]
[BlackElo "2001"]
[PlyCount "99"]
[EventDate "2012.08.17"]

1. Nf3 Nc6 2. e4 e5 3. Bb5 a6 4. Ba4 Nf6 5. d3 b5 6. Bb3 Be7 7. O-O O-O 8. Re1
Bb7 9. Nbd2 d6 10. c3 Na5 11. Bc2 c5 12. Nf1 h6 13. Ng3 Re8 14. Nf5 Bf8 15. h3
d5 16. Qe2 c4 17. dxc4 dxe4 18. Nd2 Qc8 19. Ng3 e3 20. Qxe3 Nxc4 21. Nxc4 Qxc4
22. Ne4 Nxe4 23. Bxe4 Qxe4 24. Qxe4 Bxe4 25. Rxe4 f5 26. Re1 f4 27. Bd2 Rad8
28. Rad1 g5 29. Re2 Kf7 30. Rde1 Kf6 31. f3 Bc5+ 32. Kf1 h5 33. Bc1 Rd7 34. h4
Rde7 35. g3 Kf5 36. hxg5 fxg3 37. Kg2 h4 38. Rh1 e4 39. Rf1 exf3+ 40. Rxf3+ Kg4
41. Rf4+ Kh5 42. Rxe7 Bxe7 43. Re4 Rf8 44. Kh3 Rf1 45. Rxh4+ Kg6 46. Bf4 Bxg5
47. Bxg5 Kxg5 48. Kxg3 Rg1+ 49. Kf2 Ra1 50. Rh2 1/2-1/2

[Event "European Youth Chess Championship B14"]
[Site "Prague, Top Hotel Prague"]
[Date "2012.08.22"]
[Round "6.25"]
[White "Puskar, Peter"]
[Black "Lappalainen, Matias"]
[Result "1-0"]
[WhiteElo "1998"]
[BlackElo "1870"]
[PlyCount "151"]
[EventDate "2012.08.17"]

1. d4 d5 2. Nf3 Nf6 3. c4 e6 4. Nc3 Be7 5. e3 O-O 6. Qc2 b6 7. cxd5 exd5 8. b3
c5 9. Bb2 Nc6 10. Rd1 Bg4 11. Be2 cxd4 12. Nxd4 Nxd4 13. Rxd4 Bxe2 14. Qxe2 Bc5
15. Rd3 Qe7 16. O-O Rad8 17. Rfd1 Qe6 18. Nb5 Ne8 19. Qd2 Qc6 20. Nd4 Bxd4 21.
Bxd4 Nd6 22. Ba1 Ne4 23. Qb2 f6 24. f3 Nc5 25. R3d2 Rd7 26. b4 Ne6 27. Qb3 Nc7
28. a4 Rfd8 29. Bb2 Kh8 30. Rd3 h6 31. Bc3 Ne6 32. Bd4 Qc4 33. Qb2 Nxd4 34.
Qxd4 Rc8 35. Qxc4 Rxc4 36. Rd4 Re7 37. Kf2 Rc2+ 38. R1d2 Rxd2+ 39. Rxd2 Rd7 40.
Rd4 f5 41. Ke2 Kg8 42. h4 Kf7 43. g4 fxg4 44. Rxg4 Rc7 45. Kd3 Ke6 46. Rg6+ Kf7
47. Rg4 Ke6 48. h5 Kf5 49. Rg6 Rc4 50. Rxg7 Rxb4 51. Rxa7 Kg5 52. Rd7 Kxh5 53.
Rxd5+ Kg6 54. Rb5 Rxa4 55. Rxb6+ Kg7 56. f4 h5 57. Ke2 h4 58. Kf3 h3 59. Kg3
Re4 60. Rb3 Kf6 61. Kxh3 Kf5 62. Kg3 Rc4 63. Kf3 Rc1 64. e4+ Ke6 65. Rb6+ Ke7
66. Kg4 Rh1 67. e5 Kf7 68. Rf6+ Ke7 69. Kf5 Rh5+ 70. Ke4 Rh4 71. Ra6 Kd7 72.
e6+ Ke7 73. Ke5 Rh1 74. Ra7+ Ke8 75. f5 Rh2 76. Ra8+ 1-0

[Event "European Youth Chess Championship B14"]
[Site "Prague, Top Hotel Prague"]
[Date "2012.08.22"]
[Round "6.26"]
[White "Utnasanov, Adyan"]
[Black "Kovalev, Egor"]
[Result "1/2-1/2"]
[WhiteElo "1882"]
[BlackElo "1992"]
[PlyCount "82"]
[EventDate "2012.08.17"]

1. d4 Nf6 2. Nf3 g6 3. c4 Bg7 4. Nc3 d5 5. e3 O-O 6. Be2 c5 7. dxc5 Qa5 8. cxd5
Nxd5 9. Qxd5 Bxc3+ 10. Bd2 Rd8 11. Bxc3 Qxc3+ 12. bxc3 Rxd5 13. Rd1 Rxc5 14. c4
Nc6 15. Nd4 Ne5 16. O-O Bf5 17. Rc1 Rac8 18. Rc3 b5 19. Rfc1 b4 20. Rb3 a5 21.
a3 Nc6 22. Nxc6 R8xc6 23. axb4 Rb5 24. Ra1 Rxb4 25. Rba3 Rb2 26. Bf1 Be6 27.
Rxa5 Bxc4 28. Rc1 Bxf1 29. Rxf1 Kg7 30. g3 Kf6 31. Kg2 e5 32. h4 Kf5 33. Ra7
Kf6 34. Ra5 h6 35. Rfa1 Rbb6 36. Rd1 Rd6 37. Rxd6+ Rxd6 38. Kf3 h5 39. Ra7 Ke6
40. Ra5 Rd5 41. Ra6+ Rd6 1/2-1/2

[Event "European Youth Chess Championship B14"]
[Site "Prague, Top Hotel Prague"]
[Date "2012.08.22"]
[Round "6.27"]
[White "Havelka, Josef"]
[Black "Abramciuc, Marius"]
[Result "1-0"]
[WhiteElo "1856"]
[BlackElo "1990"]
[PlyCount "99"]
[EventDate "2012.08.17"]

1. e4 e5 2. Nf3 Nc6 3. Bb5 a6 4. Ba4 Nf6 5. d4 exd4 6. O-O d6 7. Nxd4 Bd7 8.
Bg5 Be7 9. Re1 O-O 10. c3 Re8 11. Nd2 Ne5 12. Bc2 Ng6 13. Nf5 h6 14. Be3 Bf8
15. f3 Bc6 16. c4 Ne5 17. a4 a5 18. Qe2 b6 19. Rad1 Nfd7 20. Nb1 Nc5 21. Nc3 g6
22. Nxh6+ Kh7 23. Ng4 Nxg4 24. fxg4 Nxe4 25. Nxe4 Bxe4 26. Bxe4 Rxe4 27. Qf3
Qe7 28. Bf2 Re8 29. Rxe4 Qxe4 30. Qxf7+ Bg7 31. Re1 Qxe1+ 32. Bxe1 Rxe1+ 33.
Kf2 Rb1 34. h4 Rxb2+ 35. Kg3 Kh6 36. g5+ Kh7 37. h5 gxh5 38. Qxh5+ Kg8 39. g6
c6 40. Qf5 Re2 41. Qf7+ Kh8 42. Qd7 Kg8 43. Kf3 Re5 44. Qxd6 Rf5+ 45. Kg4 Rf8
46. Qxc6 Rb8 47. Qd5+ Kh8 48. Qd6 Rc8 49. Kf5 Rf8+ 50. Ke4 1-0

[Event "European Youth Chess Championship B14"]
[Site "Prague, Top Hotel Prague"]
[Date "2012.08.22"]
[Round "6.29"]
[White "Martins, Guilherme Pires Tava"]
[Black "Striechman, Orri"]
[Result "1-0"]
[WhiteElo "1761"]
[BlackElo "1969"]
[PlyCount "89"]
[EventDate "2012.08.17"]

1. e4 e6 2. d4 d5 3. Nd2 c5 4. exd5 exd5 5. Ngf3 Nc6 6. dxc5 Bxc5 7. Bd3 Nf6 8.
O-O O-O 9. Nb3 Bb6 10. c3 Bg4 11. Bf4 Re8 12. h3 Bh5 13. g4 Bg6 14. Nbd4 Ne4
15. Kg2 Qd7 16. Bb5 f6 17. Nh4 Bf7 18. Nhf5 Bc7 19. Qf3 a6 20. Ba4 Nc5 21. Bc2
Be5 22. Rfe1 Qc7 23. Bg3 Rad8 24. Rad1 Ne4 25. Bxe5 Nxe5 26. Qf4 Qb6 27. f3 Nc5
28. Qc1 Ng6 29. Rxe8+ Rxe8 30. Re1 Re5 31. h4 Nf4+ 32. Qxf4 Rxe1 33. Nd6 Ne6
34. Qd2 Re5 35. Bxh7+ Kf8 36. Nxf7 Kxf7 37. f4 Nxf4+ 38. Qxf4 g6 39. Qf2 Re4
40. g5 f5 41. h5 Rg4+ 42. Kh3 Rxg5 43. Bxg6+ Kg8 44. Qe3 Qd8 45. Ne6 1-0

[Event "European Youth Chess Championship B14"]
[Site "Prague, Top Hotel Prague"]
[Date "2012.08.22"]
[Round "6.30"]
[White "Portela Peleteiro, Alberto"]
[Black "Blahynka, Martin"]
[Result "1/2-1/2"]
[WhiteElo "1953"]
[BlackElo "2145"]
[PlyCount "98"]
[EventDate "2012.08.17"]

1. e4 c5 2. Nf3 Nc6 3. d4 cxd4 4. Nxd4 g6 5. Nc3 Bg7 6. Be3 Nf6 7. Bc4 d6 8. h3
O-O 9. O-O Bd7 10. Bb3 a6 11. f4 Qa5 12. Qd3 Rac8 13. Rae1 Rfd8 14. g4 Nxd4 15.
Bxd4 e5 16. Be3 exf4 17. Bxf4 Be6 18. Nd5 Bxd5 19. exd5 Re8 20. c3 Nd7 21. Qf3
Rxe1 22. Rxe1 Ne5 23. Bxe5 Bxe5 24. g5 Rf8 25. Qg4 Qd8 26. Rf1 h6 27. gxh6 Kh7
28. Bc2 f5 29. Qg2 Qb6+ 30. Kh1 Qxb2 31. h4 Qxc3 32. h5 Qg3 33. Qxg3 Bxg3 34.
hxg6+ Kxh6 35. Rxf5 Rxf5 36. Bxf5 b5 37. Kg2 Be5 38. Kf3 Kg5 39. Bd3 Kf6 40.
Ke3 Ke7 41. Be4 Kd7 42. Kd3 Kc7 43. Kc2 Kb6 44. Kb3 Kc5 45. a4 b4 46. Bf3 a5
47. Bg2 Kd4 48. Bf3 Ke3 49. Bg2 Kd4 1/2-1/2

[Event "European Youth Chess Championship B14"]
[Site "Prague, Top Hotel Prague"]
[Date "2012.08.22"]
[Round "6.31"]
[White "Bakhmatsky, Vladislav"]
[Black "Marek, Matyas"]
[Result "1-0"]
[WhiteElo "2101"]
[BlackElo "1975"]
[PlyCount "49"]
[EventDate "2012.08.17"]

1. e4 c5 2. Nf3 e6 3. d4 cxd4 4. Nxd4 Nf6 5. Nc3 Nc6 6. Nxc6 bxc6 7. Bd3 d5 8.
O-O a6 9. f4 Qc7 10. Qf3 dxe4 11. Nxe4 Be7 12. b3 Bb7 13. Bb2 c5 14. Rae1 Rd8
15. f5 O-O 16. Bxf6 gxf6 17. Qh5 Rxd3 18. cxd3 Qe5 19. Rf3 Rd8 20. Qh6 Kh8 21.
fxe6 fxe6 22. Rh3 Qf5 23. Rh5 Bf8 24. Rxf5 Bxh6 25. Rxf6 1-0

[Event "European Youth Chess Championship B14"]
[Site "Prague, Top Hotel Prague"]
[Date "2012.08.22"]
[Round "6.32"]
[White "Gerlagh, Joris"]
[Black "Pulpan, Jakub"]
[Result "0-1"]
[WhiteElo "1930"]
[BlackElo "2087"]
[PlyCount "40"]
[EventDate "2012.08.17"]

1. e4 c5 2. Nc3 Nc6 3. g3 e6 4. Bg2 Nge7 5. d3 g6 6. Be3 d6 7. Qd2 Nd4 8. Nce2
Bg7 9. c3 Nxe2 10. Nxe2 Nc6 11. Bh6 Bxh6 12. Qxh6 Qe7 13. Qd2 Bd7 14. f4 O-O
15. h4 h5 16. g4 hxg4 17. h5 Kg7 18. hxg6 Rh8 19. gxf7 Rxh1+ 20. Bxh1 Qh4+ 0-1

[Event "European Youth Chess Championship B14"]
[Site "Prague, Top Hotel Prague"]
[Date "2012.08.22"]
[Round "6.33"]
[White "Rudakov, Aleksandr"]
[Black "Voloshin, Pavel"]
[Result "1-0"]
[WhiteElo "2086"]
[BlackElo "1922"]
[PlyCount "103"]
[EventDate "2012.08.17"]

1. e4 e6 2. d4 d5 3. Nd2 c5 4. exd5 Qxd5 5. Ngf3 cxd4 6. Bc4 Qd7 7. O-O Nc6 8.
Nb3 Nf6 9. Nbxd4 Nxd4 10. Qxd4 Qxd4 11. Nxd4 a6 12. Bf4 Be7 13. Be2 Nd5 14. Bg3
Bf6 15. Rad1 O-O 16. c4 Ne7 17. Bf3 e5 18. Nb3 Nf5 19. Nc5 Nxg3 20. hxg3 Rb8
21. Nd7 Bxd7 22. Rxd7 b6 23. b4 Rfe8 24. c5 bxc5 25. bxc5 Rbc8 26. Rc1 e4 27.
Be2 Red8 28. Rxd8+ Bxd8 29. Bxa6 Rc7 30. a4 Kf8 31. c6 Bf6 32. Rc4 Bd8 33. Bb7
Re7 34. Kf1 Bc7 35. Ke2 Re5 36. Ba6 Ke7 37. Bb5 f5 38. f3 exf3+ 39. Kxf3 Rd5
40. Rc3 g5 41. g4 Kf6 42. gxf5 Kxf5 43. Bd3+ Ke5 44. Bxh7 Kd6 45. Rc4 Rc5 46.
Rxc5 Kxc5 47. Kg4 Bf4 48. c7 Bxc7 49. Kxg5 Kb4 50. Bc2 Kc3 51. Bd1 Kd2 52. Bh5
1-0

[Event "European Youth Chess Championship B14"]
[Site "Prague, Top Hotel Prague"]
[Date "2012.08.22"]
[Round "6.34"]
[White "Balaji, Ananthanarayanan"]
[Black "Haria, Ravi"]
[Result "0-1"]
[WhiteElo "1859"]
[BlackElo "2054"]
[PlyCount "116"]
[EventDate "2012.08.17"]

1. e4 e6 2. d4 d5 3. Nd2 Nf6 4. e5 Nfd7 5. f4 c5 6. c3 Nc6 7. Ndf3 Qb6 8. a3
Be7 9. b4 cxb4 10. cxb4 a6 11. h4 Qc7 12. Bd2 b5 13. Bd3 Nb6 14. Ne2 Nc4 15.
Bxc4 bxc4 16. O-O O-O 17. Qe1 Bd7 18. Qg3 f6 19. h5 Nd8 20. h6 g6 21. Nh4 Kh8
22. f5 exf5 23. Nf4 Be8 24. exf6 Bd6 25. Qf3 Qf7 26. Qxd5 Bxf4 27. Qxf7 Nxf7
28. Rxf4 g5 29. Rxf5 gxh4 30. Rc5 Nd6 31. Bf4 Rd8 32. Rd5 Nb7 33. Rxd8 Nxd8 34.
Rc1 Bf7 35. Be5 Nc6 36. Kf2 Nxe5 37. dxe5 Re8 38. Re1 Kg8 39. Re3 Bd5 40. Kf1
Kf7 41. g3 h3 42. Kg1 Rc8 43. Rc3 Ke6 44. Kh2 Kxe5 45. Kxh3 Kxf6 46. Kg4 Ke5
47. a4 Kd4 48. Rc1 c3 49. Kh5 c2 50. g4 Kc3 51. g5 Be4 52. b5 axb5 53. axb5 Kd2
54. Ra1 c1=Q 55. Ra2+ Rc2 56. Ra7 Bf5 57. g6 Kd1 58. Kh4 Qf4+ 0-1

[Event "European Youth Chess Championship B14"]
[Site "Prague, Top Hotel Prague"]
[Date "2012.08.22"]
[Round "6.35"]
[White "Rajkovic, Mladen"]
[Black "Percivaldi, Martin"]
[Result "0-1"]
[WhiteElo "1926"]
[BlackElo "2024"]
[PlyCount "88"]
[EventDate "2012.08.17"]

1. e4 e6 2. d4 d5 3. Nc3 Nf6 4. e5 Nfd7 5. f4 c5 6. Nf3 Nc6 7. Be3 a6 8. dxc5
Bxc5 9. Bxc5 Nxc5 10. Qd2 b5 11. a3 Qb6 12. Qf2 Bb7 13. b4 Nd7 14. Qxb6 Nxb6
15. Bd3 Ke7 16. Ne2 Nc4 17. Ned4 h6 18. Kf2 Rhc8 19. Nb3 a5 20. c3 f6 21. exf6+
gxf6 22. Nc5 Rc7 23. Nd4 Nxd4 24. cxd4 Kd6 25. Rhe1 Re7 26. g4 Bc8 27. h3 axb4
28. axb4 Rea7 29. Rxa7 Rxa7 30. Kg3 Ra3 31. Kh4 Nd2 32. Re3 Ne4 33. Kh5 Ke7 34.
Kxh6 Nxc5 35. bxc5 b4 36. f5 Rc3 37. fxe6 b3 38. g5 fxg5 39. Kxg5 b2 40. Kf4
Rxd3 41. Re1 Rb3 42. Rb1 Bxe6 43. h4 Bg8 44. Ke5 Bh7 0-1

[Event "European Youth Chess Championship B14"]
[Site "Prague, Top Hotel Prague"]
[Date "2012.08.22"]
[Round "6.36"]
[White "Lopatik, Nikita"]
[Black "Ptacek, Tomas"]
[Result "1/2-1/2"]
[WhiteElo "1869"]
[BlackElo "2019"]
[PlyCount "116"]
[EventDate "2012.08.17"]

1. e4 e6 2. d4 d5 3. Nd2 c5 4. exd5 exd5 5. Ngf3 Nf6 6. Bb5+ Bd7 7. Bxd7+ Nbxd7
8. O-O Be7 9. dxc5 Nxc5 10. Nb3 Nce4 11. Nfd4 O-O 12. f3 Nd6 13. Re1 Re8 14. c3
Nc4 15. Qc2 Qb6 16. Bg5 a5 17. a4 Bf8 18. Kh1 Nd7 19. Bh4 Nc5 20. Nxc5 Bxc5 21.
Nb5 Ne3 22. Qd3 Qh6 23. Bf2 Ng4 24. fxg4 Bxf2 25. Rxe8+ Rxe8 26. Qxd5 Bg3 27.
h3 Qe3 28. Rf1 Qe7 29. Nd4 Bb8 30. Nf5 Qc7 31. g3 Rd8 32. Qf3 Qc4 33. Ne3 Qe6
34. c4 h5 35. Nd5 hxg4 36. hxg4 Re8 37. Qf5 Bxg3 38. Qxe6 Rxe6 39. Kg2 Bd6 40.
Kf3 Kh7 41. Rh1+ Rh6 42. Rxh6+ Kxh6 43. Nc3 Be5 44. Ne4 b6 45. b3 Kg6 46. c5
bxc5 47. Nxc5 f5 48. Nd3 Bd6 49. Nb2 Kf6 50. Nc4 Bb4 51. Nb6 Ke6 52. gxf5+ Kxf5
53. Nd5 Bc5 54. Nc3 g5 55. Nd5 Ke5 56. Nc3 Kd4 57. Nb5+ Kd3 58. Kg4 Be7 1/2-1/2

[Event "European Youth Chess Championship B14"]
[Site "Prague, Top Hotel Prague"]
[Date "2012.08.22"]
[Round "6.37"]
[White "Chekletsov, Ilya"]
[Black "Kravec, Patrik"]
[Result "1-0"]
[WhiteElo "2018"]
[BlackElo "1910"]
[PlyCount "51"]
[EventDate "2012.08.17"]

1. d4 e6 2. Nf3 f5 3. g3 Nf6 4. Bg2 d5 5. O-O Bd6 6. c4 c6 7. Qc2 O-O 8. Nc3
Ne4 9. Rb1 Qe8 10. b4 Rf6 11. b5 Qh5 12. cxd5 exd5 13. Nxd5 Rf8 14. Nf4 Qe8 15.
Ne5 Bxe5 16. dxe5 Qxe5 17. Bb2 Qe8 18. Rfd1 Qf7 19. Ba3 Re8 20. Rd4 cxb5 21.
Rxb5 Nc6 22. Rxe4 fxe4 23. Bxe4 Rxe4 24. Qxe4 Bf5 25. Qxf5 Qxa2 26. Rxb7 1-0

[Event "European Youth Chess Championship B14"]
[Site "Prague, Top Hotel Prague"]
[Date "2012.08.22"]
[Round "6.38"]
[White "Tsoi, Leo Z"]
[Black "Dvorak, Adam"]
[Result "0-1"]
[WhiteElo "1849"]
[BlackElo "2008"]
[PlyCount "98"]
[EventDate "2012.08.17"]

1. e4 c5 2. Nc3 Nc6 3. g3 d6 4. Bg2 g6 5. d3 Bg7 6. Bg5 Rb8 7. Qd2 Qa5 8. Nge2
b5 9. O-O Nd4 10. Nxd4 cxd4 11. Ne2 Qc7 12. Qc1 e6 13. g4 Bb7 14. Qd2 Qb6 15.
h4 f6 16. Bf4 Ne7 17. h5 O-O 18. h6 Bh8 19. Qb4 Rbd8 20. Bd2 f5 21. Bg5 Rde8
22. Qb3 d5 23. exf5 gxf5 24. gxf5 Rxf5 25. f4 Rf7 26. a4 a6 27. Bf3 Ng6 28. Qb4
Ref8 29. Bg4 Bc8 30. axb5 axb5 31. Ra5 Qc7 32. Qd2 e5 33. Bh5 Qd7 34. Rf2 Qh3
35. Rh2 Qe3+ 36. Qxe3 dxe3 37. Bxg6 hxg6 38. Rxb5 exf4 39. h7+ Rxh7 40. Bxf4
Rxf4 41. Nxf4 Rxh2 42. Ng2 Rh7 43. Rxd5 Bf6 44. Nxe3 Bb7 45. Rd6 Rh1+ 46. Kf2
Bh4+ 47. Ke2 Rh2+ 48. Kd1 Bf3+ 49. Kc1 Rh1+ 0-1

[Event "European Youth Chess Championship B14"]
[Site "Prague, Top Hotel Prague"]
[Date "2012.08.22"]
[Round "6.39"]
[White "Abbasov, Zaur"]
[Black "Musiienko, Danylo"]
[Result "0-1"]
[WhiteElo "1839"]
[BlackElo "2004"]
[PlyCount "88"]
[EventDate "2012.08.17"]

1. d4 d5 2. c4 e6 3. Nc3 c5 4. Nf3 Nc6 5. cxd5 exd5 6. g3 Nf6 7. Bg2 Be7 8. O-O
Be6 9. Bg5 Ne4 10. Bxe7 Qxe7 11. Rc1 Nxc3 12. Rxc3 c4 13. Ne5 Nxe5 14. dxe5 Qc5
15. e3 O-O 16. Qd4 Qxd4 17. exd4 Rfd8 18. a4 b5 19. axb5 Rab8 20. b3 Rxb5 21.
bxc4 dxc4 22. d5 Bxd5 23. Rd1 Kf8 24. f4 Ke7 25. Bxd5 Rbxd5 26. Rxd5 Rxd5 27.
Rxc4 a5 28. Rc7+ Rd7 29. Rc6 Ra7 30. Kf2 a4 31. Rc2 a3 32. Ra2 Ke6 33. Ke3 g5
34. fxg5 Kxe5 35. h4 Ra4 36. Kf3 Kd5 37. Ke3 Kc4 38. Ra1 Kc3 39. Rc1+ Kb2 40.
Rc7 a2 41. Rb7+ Ka3 42. Rxf7 a1=Q 43. Rxh7 Qe1+ 44. Kf3 Qe4+ 0-1

[Event "European Youth Chess Championship B14"]
[Site "Prague, Top Hotel Prague"]
[Date "2012.08.22"]
[Round "6.40"]
[White "Morozov, Nichita"]
[Black "Bulgurlu, Okan"]
[Result "1/2-1/2"]
[WhiteElo "2002"]
[BlackElo "1839"]
[PlyCount "80"]
[EventDate "2012.08.17"]

1. d4 Nf6 2. Nf3 e6 3. e3 d5 4. Bd3 Nbd7 5. O-O Bd6 6. b3 c6 7. Bb2 Qc7 8. c4
b6 9. cxd5 cxd5 10. Nc3 a6 11. Rc1 Qd8 12. e4 dxe4 13. Nxe4 Bf4 14. Ba3 Bb7 15.
Nd6+ Bxd6 16. Bxd6 Nd5 17. Qd2 N7f6 18. Ba3 Ne7 19. Qf4 O-O 20. Qc7 Bxf3 21.
Bxe7 Qxc7 22. Rxc7 Nd5 23. Bxf8 Nxc7 24. Bd6 Ne8 25. Be5 Bb7 26. Rc1 Kf8 27. f3
f6 28. Bg3 g6 29. Kf2 Rc8 30. Re1 Kf7 31. Bf4 Nc7 32. Rc1 Nd5 33. Rxc8 Bxc8 34.
Bd6 Ke8 35. h4 Kf7 36. a4 Bb7 37. b4 Nc3 38. a5 b5 39. g4 h5 40. gxh5 gxh5
1/2-1/2